True or False - Sudden Death - Statistics

General Stats
  • This quiz has been taken 155,815 times
  • The average score is 6 of 13
Answers on the Grid
Answers color-coded by a green-red scale on the quiz's grid according to % correct below.
A pair of dice is more likely to roll a 7
than other numbers
Baseball is the most popular spectator
sport in Japan
Brazil is entirely south of the Equator
Caramel is made by heating sugar
China only has one time zone
Humans were partly responsible for
the extinction of the dinosaurs
Italy has never won the FIFA World Cup
Kale and broccoli are from the same species
More people died in WWII than in WWI
Mount Everest is a volcano
Parrots can live longer than dogs
Polar bears live in both the Arctic and Antarctic
Mercury is the hottest planet in our solar system
The island of Sardinia is part of Italy
The planet Neptune has rings
The same side of the moon always faces Earth
There are parts of the Autobahn that have no defined speed limit
There are trees taller than the Empire State building
Turkey's flag is red and white
Two is a prime number
 
Answer Stats
Answer % Correct
Caramel is made by heating sugar
67%
A pair of dice is more likely to roll a 7
than other numbers
60%
Baseball is the most popular spectator
sport in Japan
56%
More people died in WWII than in WWI
52%
China only has one time zone
48%
Parrots can live longer than dogs
45%
Turkey's flag is red and white
42%
The island of Sardinia is part of Italy
39%
There are parts of the Autobahn that have no defined speed limit
38%
Two is a prime number
38%
Kale and broccoli are from the same species
34%
The same side of the moon always faces Earth
30%
The planet Neptune has rings
26%
No matching quizzes found
Score Distribution
Percent of People with Each Score
Percentile by Number Answered
Your Score History
You have not taken this quiz